[Event "Dearborn Fall op"]
[Site "Dearborn USA"]
[Date "2013.10.24"]
[Round "2"]
[White "Panjwani, Raja"]
[Black "Macieja, Bartlomiej"]
[Result "1-0"]
[WhiteElo "2422"]
[BlackElo "2596"]
[PlyCount "71"]
[EventDate "2013.10.23"]
[EventType "swiss"]
[EventRounds "9"]
[EventCountry "USA"]
[Source "ChessBase"]
[SourceDate "2014.11.20"]

1. Nf3 c5 2. c4 Nf6 3. Nc3 Nc6 4. d4 cxd4 5. Nxd4 e6 6. e4 Bb4 7. Nxc6 bxc6 8.
Bd3 e5 9. O-O d6 10. Na4 O-O 11. a3 Ba5 12. b4 Bc7 13. h3 d5 14. cxd5 cxd5 15.
Bg5 d4 16. Rc1 Bd6 17. Bd2 Rb8 18. Nb2 Bd7 19. Nc4 Bc7 20. f4 exf4 21. Bxf4 Be6
22. e5 Nd5 23. Qh5 g6 24. Qh6 f5 25. exf6 Rxf6 26. Bg5 Rxf1+ 27. Rxf1 Qe8 28.
Qh4 Bd8 29. Nd6 Qd7 30. Ne4 Bf5 31. Nc5 Qd6 32. Bxf5 gxf5 33. Bxd8 Qxd8 34.
Qg3+ Kf7 35. Rxf5+ Nf6 36. Rxf6+ 1-0

[Event "Dearborn Fall op"]
[Site "Dearborn USA"]
[Date "2013.10.24"]
[Round "3"]
[White "Shabalov, Alexander"]
[Black "Panjwani, Raja"]
[Result "1/2-1/2"]
[WhiteElo "2520"]
[BlackElo "2422"]
[PlyCount "50"]
[EventDate "2013.10.23"]
[EventType "swiss"]
[EventRounds "9"]
[EventCountry "USA"]
[Source "ChessBase"]
[SourceDate "2014.11.20"]

1. c4 c5 2. Nf3 g6 3. d4 cxd4 4. Nxd4 Bg7 5. e4 Nc6 6. Be3 Nf6 7. Nc3 d6 8. Be2
O-O 9. O-O Bd7 10. Qd2 Nxd4 11. Bxd4 Bc6 12. Bd3 a5 13. b3 Nd7 14. Bxg7 Kxg7
15. Rfe1 Nc5 16. Bf1 e6 17. Re3 Qf6 18. Rae1 e5 19. Nb5 Rfd8 20. Nc7 Ra7 21. a3
b6 22. Nd5 Bxd5 23. exd5 a4 24. b4 Nb3 25. Qd1 Qg5 1/2-1/2

[Event "Dearborn Fall op"]
[Site "Dearborn USA"]
[Date "2013.10.25"]
[Round "4"]
[White "Kovalyov, Anton"]
[Black "Panjwani, Raja"]
[Result "1-0"]
[WhiteElo "2612"]
[BlackElo "2422"]
[PlyCount "85"]
[EventDate "2013.10.23"]
[EventType "swiss"]
[EventRounds "9"]
[EventCountry "USA"]
[Source "ChessBase"]
[SourceDate "2014.11.20"]

1. Nf3 c5 2. c4 g6 3. d4 cxd4 4. Nxd4 Bg7 5. e4 Nc6 6. Be3 Nf6 7. Nc3 d6 8. f3
O-O 9. Qd2 Bd7 10. Be2 Nxd4 11. Bxd4 Bc6 12. O-O a5 13. b3 Nd7 14. Be3 Nc5 15.
Rac1 b6 16. Rfd1 Ra7 17. Bf1 Rd7 18. Qc2 e5 19. a3 f5 20. Nd5 fxe4 21. fxe4 Qh4
22. g3 Qxe4 23. Qxe4 Nxe4 24. Bg2 Bxd5 25. Rxd5 Nc5 26. Rcd1 Nxb3 27. Rxd6 Rxd6
28. Rxd6 Nd4 29. Bd5+ Kh8 30. Rxb6 Nc2 31. Bc5 Rc8 32. Rc6 Rxc6 33. Bxc6 Bh6
34. Kf2 Bc1 35. a4 Bb2 36. Bd6 Kg7 37. Be4 Nb4 38. c5 Ba3 39. Bxe5+ Kf7 40. c6
Ke6 41. c7 Kd7 42. Bb7 Nd3+ 43. Ke3 1-0

[Event "SPICE Cup op"]
[Site "St Louis USA"]
[Date "2013.10.15"]
[Round "1.17"]
[White "Jung, HansR"]
[Black "Panjwani, Raja"]
[Result "0-1"]
[WhiteElo "2122"]
[BlackElo "2422"]
[PlyCount "56"]
[EventDate "2013.10.15"]
[EventType "swiss"]
[EventRounds "9"]
[EventCountry "USA"]
[Source "Mark Crowther"]
[SourceDate "2013.10.28"]

1. Nc3 c5 2. e4 e6 3. Nf3 Nc6 4. Bb5 Nge7 5. O-O Ng6 6. Re1 Be7 7. d4 cxd4 8.
Nxd4 O-O 9. Bf1 a6 10. Be3 Qc7 11. Qh5 b5 12. Nf3 f6 13. Rad1 Nce5 14. Nh4 Bb7
15. Bd3 f5 16. Nxg6 hxg6 17. Qh3 f4 18. Bc1 g5 19. Qh5 g6 20. Qe2 Bc5 21. Qf1
Kg7 22. Be2 g4 23. Kh1 f3 24. Bd3 fxg2+ 25. Qxg2 Nxd3 26. cxd3 Rxf2 27. Qg3
Qxg3 28. hxg3 Rh8+ 0-1

[Event "SPICE Cup op"]
[Site "St Louis USA"]
[Date "2013.10.16"]
[Round "2.3"]
[White "Corrales Jimenez, Fidel"]
[Black "Panjwani, Raja"]
[Result "0-1"]
[WhiteElo "2575"]
[BlackElo "2422"]
[PlyCount "109"]
[EventDate "2013.10.15"]
[EventType "swiss"]
[EventRounds "9"]
[EventCountry "USA"]
[Source "Mark Crowther"]
[SourceDate "2013.10.28"]

1. d4 Nf6 2. c4 e6 3. Nc3 Bb4 4. e3 c5 5. a3 Bxc3+ 6. bxc3 Nc6 7. Bd3 O-O 8.
Ne2 b6 9. e4 Ne8 10. O-O Ba6 11. f4 f5 12. e5 cxd4 13. cxd4 d5 14. cxd5 Bxd3
15. Qxd3 Qxd5 16. Be3 Nc7 17. Rad1 Qd7 18. Bf2 Nd5 19. Bh4 Rac8 20. h3 Na5 21.
Rf3 Qa4 22. Be1 Nc4 23. Rb1 Rc7 24. Kh2 Rfc8 25. g4 Qxa3 26. Rb3 Qa2 27. gxf5
exf5 28. Rf2 Nce3 29. Bd2 Nd1 30. Rg2 Qc2 31. Qf3 Qe4 32. Qg3 g6 33. Ra3 a5 34.
Qb3 N1c3 35. Ng3 Qb1 36. Bxc3 Qxb3 37. Rxb3 Rxc3 38. Rxc3 Rxc3 39. Nxf5 Nxf4
40. Rf2 Rxh3+ 41. Kg1 Nd5 42. Nd6 Rd3 43. Rf7 Rxd4 44. e6 Rd3 45. Rd7 Re3 46.
Nc4 Rg3+ 47. Kf2 Rg5 48. e7 Nf6 49. Nd6 Re5 50. Ra7 Ne4+ 51. Nxe4 Rxe4 52. Kf3
Re6 53. Kf4 Kf7 54. e8=Q+ Kxe8 55. Kg5 0-1

[Event "SPICE Cup op"]
[Site "St Louis USA"]
[Date "2013.10.16"]
[Round "3.3"]
[White "Panjwani, Raja"]
[Black "Boros, Denes"]
[Result "1/2-1/2"]
[WhiteElo "2422"]
[BlackElo "2493"]
[PlyCount "45"]
[EventDate "2013.10.15"]
[EventType "swiss"]
[EventRounds "9"]
[EventCountry "USA"]
[Source "Mark Crowther"]
[SourceDate "2013.10.28"]

1. c4 c6 2. e4 d5 3. cxd5 cxd5 4. exd5 Nf6 5. Nc3 Nxd5 6. Nf3 Nc6 7. Bb5 g6 8.
Qb3 e6 9. Ne5 Nde7 10. Qa4 Bg7 11. Nxc6 bxc6 12. Bxc6+ Nxc6 13. Qxc6+ Bd7 14.
Qc5 Qb6 15. Qxb6 axb6 16. b3 O-O 17. Bb2 Bb5 18. Nd1 Bxb2 19. Nxb2 Ra3 20. d3
Rfa8 21. Kd2 Bc6 22. f3 b5 23. Rhc1 1/2-1/2

[Event "SPICE Cup op"]
[Site "St Louis USA"]
[Date "2013.10.18"]
[Round "7.6"]
[White "Panjwani, Raja"]
[Black "Leon Hoyos, Manuel"]
[Result "1/2-1/2"]
[WhiteElo "2422"]
[BlackElo "2552"]
[PlyCount "267"]
[EventDate "2013.10.15"]
[EventType "swiss"]
[EventRounds "9"]
[EventCountry "USA"]
[Source "Mark Crowther"]
[SourceDate "2013.10.28"]

1. c4 c5 2. Nf3 g6 3. d4 Bg7 4. e4 Qa5+ 5. Nc3 Nc6 6. d5 Nd4 7. Bd2 d6 8. Nxd4
cxd4 9. Nb5 Qd8 10. c5 a6 11. Nxd4 dxc5 12. Nb3 b6 13. Bc3 Nf6 14. Be2 O-O 15.
Qc2 Qc7 16. Bf3 e5 17. O-O Ne8 18. a4 Bd7 19. a5 b5 20. Bd2 c4 21. Nc1 Nd6 22.
Na2 Rfc8 23. Nb4 Nb7 24. d6 Qxd6 25. Nd5 Nc5 26. Nb6 Nb3 27. Rad1 Nd4 28. Qc1
Rab8 29. Nxc8 Rxc8 30. Bh6 b4 31. Bxg7 Kxg7 32. Qe3 c3 33. bxc3 bxc3 34. Rd3
Bb5 35. Rxc3 Rxc3 36. Qxc3 Bxf1 37. Kxf1 Nb5 38. Qb2 Qc5 39. Be2 Nc3 40. Bxa6
Qxa5 41. Bd3 Qc5 42. Qc2 Qd4 43. g3 h6 44. Kg2 Na4 45. Bc4 Nc3 46. Bd3 h5 47.
h4 Na4 48. Bc4 Nc5 49. Bd5 f5 50. f3 f4 51. Bc4 fxg3 52. Kxg3 Qg1+ 53. Qg2 Qd1
54. Qa2 Qg1+ 55. Kh3 Qe3 56. Kg2 Nd7 57. Bg8 Qf4 58. Be6 Nf6 59. Qa7+ Kh6 60.
Qb8 Nh7 61. Qd8 Qf6 62. Qd2+ Kg7 63. Qd7+ Kh8 64. Qe8+ Nf8 65. Qf7 Qxf7 66.
Bxf7 Kg7 67. Bd5 Kf6 68. Kg3 g5 69. Bc6 Ng6 70. hxg5+ Kxg5 71. Be8 Nf4 72. Bd7
Nd3 73. Bf5 Nf4 74. Kf2 Nd3+ 75. Kg3 Nc5 76. Bc8 Nb3 77. Ba6 Nd4 78. Bc8 Nb3
79. Bd7 Nd2 80. Be8 h4+ 81. Kg2 Nc4 82. Kh3 Nd6 83. Bd7 Nf7 84. Be6 Nd6 85. Bd7
Nc4 86. Be6 Nd2 87. Kg2 Kf4 88. Bg4 Nxe4 89. Bc8 Nd6 90. Bd7 Nc4 91. Kh3 Kg5
92. Be6 Nd6 93. Bd5 Ne8 94. Bc6 Nf6 95. Bb5 Nd5 96. Bc6 Nf4+ 97. Kh2 Kf6 98.
Ba8 Ne6 99. Kh3 Kg5 100. Bc6 Nd4 101. Bb7 Kh5 102. Bd5 Ne2 103. Bc6 Kg5 104.
Bb7 Nd4 105. Bd5 Nf5 106. Bc6 Ng7 107. Bd5 Ne8 108. Bc6 Nd6 109. Ba8 Nb5 110.
Bc6 Nd4 111. Bb7 Ne6 112. Bc6 Nf4+ 113. Kh2 Kf6 114. Bb7 Ke6 115. Ba8 Kd6 116.
Bb7 Kc5 117. Ba8 Kb6 118. Be4 Kc5 119. Ba8 Kd6 120. Bb7 Ke6 121. Ba8 Kf6 122.
Bb7 Kg5 123. Bc6 Ne6 124. Bd5 Kf5 125. Bb7 Ng5 126. Ba8 Kf4 127. Kg2 Ke3 128.
Bb7 Ke2 129. Ba8 Ke1 130. Bb7 h3+ 131. Kg3 h2 132. f4 exf4+ 133. Kxf4 Ne4 134.
Bxe4 1/2-1/2

[Event "SPICE Cup op"]
[Site "St Louis USA"]
[Date "2013.10.19"]
[Round "8.6"]
[White "Ruiz Castillo, Joshua Daniel"]
[Black "Panjwani, Raja"]
[Result "0-1"]
[WhiteElo "2399"]
[BlackElo "2422"]
[PlyCount "72"]
[EventDate "2013.10.15"]
[EventType "swiss"]
[EventRounds "9"]
[EventCountry "USA"]
[Source "Mark Crowther"]
[SourceDate "2013.10.28"]

1. e4 c5 2. Nf3 Nc6 3. d4 cxd4 4. Nxd4 g6 5. Nc3 Bg7 6. Be3 Nf6 7. Bc4 O-O 8.
Bb3 a6 9. Nxc6 bxc6 10. O-O d6 11. h3 a5 12. a4 Ba6 13. Re1 Nd7 14. Qd2 Nc5 15.
Bxc5 dxc5 16. Qe3 Bd4 17. Qf3 Qb8 18. Ne2 Be5 19. Rab1 Qb4 20. Nc3 c4 21. Ba2
Rfd8 22. Qe3 Rd7 23. Kh1 Rad8 24. f4 Bxc3 25. Qxc3 Rd2 26. Qxb4 axb4 27. Rbc1
Rf2 28. Rf1 Rxf1+ 29. Rxf1 b3 30. Bb1 c3 31. Re1 Rd2 32. cxb3 c2 33. Bxc2 Rxc2
34. Kg1 Rxb2 35. Re3 Rc2 36. e5 c5 0-1

[Event "SPICE Cup op"]
[Site "St Louis USA"]
[Date "2013.10.19"]
[Round "9.2"]
[White "Panjwani, Raja"]
[Black "Le Quang, Liem"]
[Result "1/2-1/2"]
[WhiteElo "2422"]
[BlackElo "2712"]
[PlyCount "63"]
[EventDate "2013.10.15"]
[EventType "swiss"]
[EventRounds "9"]
[EventCountry "USA"]
[Source "Mark Crowther"]
[SourceDate "2013.10.28"]

1. c4 g6 2. e4 Bg7 3. d4 d6 4. Nc3 Nf6 5. Nf3 O-O 6. Be2 Na6 7. O-O e5 8. Re1
exd4 9. Nxd4 Re8 10. Bf1 Nc5 11. f3 a5 12. Be3 h6 13. Qd2 Kh7 14. Ndb5 Bd7 15.
Rad1 b6 16. Nd5 Rc8 17. Na7 Rb8 18. Nb5 Na6 19. Bd4 Nxd5 20. cxd5 Nc5 21. Bxg7
Kxg7 22. Qd4+ Kg8 23. f4 g5 24. e5 gxf4 25. Qxf4 Rxe5 26. Rxe5 dxe5 27. Qxh6
Bxb5 28. Bxb5 Qd6 29. Qg5+ Kf8 30. Qh4 Kg7 31. Qg5+ Kf8 32. Qh4 1/2-1/2

[Event "Continental Class"]
[Site "Arlington USA"]
[Date "2013.10.10"]
[Round "2.3"]
[White "Lenderman, Alex"]
[Black "Panjwani, Raja"]
[Result "1/2-1/2"]
[WhiteElo "2539"]
[BlackElo "2422"]
[PlyCount "71"]
[EventDate "2013.10.09"]
[EventType "swiss"]
[EventRounds "9"]
[EventCountry "USA"]
[Source "Mark Crowther"]
[SourceDate "2013.10.14"]

1. c4 c5 2. Nf3 g6 3. d4 cxd4 4. Nxd4 Bg7 5. e4 Nc6 6. Be3 Nf6 7. Nc3 d6 8. Be2
O-O 9. O-O Bd7 10. Qd2 Nxd4 11. Bxd4 Bc6 12. f3 a5 13. b3 Nd7 14. Be3 Nc5 15.
Rac1 e6 16. Rfd1 Be5 17. Bg5 Qb6 18. Qe3 a4 19. Nb5 axb3 20. axb3 Ra2 21. Bf1
Rb2 22. Rb1 Rxb1 23. Rxb1 Ra8 24. f4 Ra1 25. Rxa1 Bxa1 26. Nxd6 Qxb3 27. Qxb3
Bd4+ 28. Kh1 Nxb3 29. e5 Nd2 30. Bd3 Nf3 31. Bd8 Be3 32. Be4 Bxe4 33. Nxe4 Nd2
34. Nxd2 Bxd2 35. g3 Kf8 36. Kg2 1/2-1/2

[Event "Continental Class"]
[Site "Arlington USA"]
[Date "2013.10.10"]
[Round "3"]
[White "Panjwani, Raja"]
[Black "Markzon, Gregory"]
[Result "1/2-1/2"]
[WhiteElo "2422"]
[BlackElo "2197"]
[PlyCount "91"]
[EventDate "2013.10.09"]
[EventType "swiss"]
[EventRounds "9"]
[EventCountry "USA"]
[Source "ChessBase"]
[SourceDate "2013.10.22"]

1. c4 Nf6 2. Nf3 g6 3. Nc3 Bg7 4. e4 d6 5. d4 O-O 6. Be2 e5 7. d5 a5 8. Be3 Na6
9. Nd2 Bd7 10. O-O h5 11. f3 Nh7 12. a3 Bf6 13. b3 Bg5 14. Bf2 Nc5 15. Rb1 f5
16. Qc2 h4 17. b4 axb4 18. axb4 Na4 19. c5 Nxc3 20. Qxc3 Ra2 21. Rb2 Rxb2 22.
Qxb2 Nf6 23. h3 Nh5 24. Re1 Bf4 25. exf5 Bxf5 26. Ne4 Bxe4 27. fxe4 Bh2+ 28.
Kxh2 Rxf2 29. Kg1 Qf6 30. Qa3 dxc5 31. Qe3 Rf4 32. Bxh5 gxh5 33. bxc5 Qg6 34.
Kh2 Kg7 35. g3 hxg3+ 36. Qxg3 Qxg3+ 37. Kxg3 Kf6 38. Re3 Ke7 39. Rb3 h4+ 40.
Kg2 Rxe4 41. Rxb7 Kd8 42. Rb8+ Ke7 43. Rh8 Rd4 44. Rh7+ Kd8 45. Rh8+ Ke7 46.
Rh7+ 1/2-1/2

[Event "Continental Class"]
[Site "Arlington USA"]
[Date "2013.10.11"]
[Round "4.7"]
[White "Chandra, Akshat"]
[Black "Panjwani, Raja"]
[Result "1/2-1/2"]
[WhiteElo "2318"]
[BlackElo "2422"]
[PlyCount "93"]
[EventDate "2013.10.09"]
[EventType "swiss"]
[EventRounds "9"]
[EventCountry "USA"]
[Source "Mark Crowther"]
[SourceDate "2013.10.14"]

1. e4 c5 2. Nf3 Nc6 3. d4 cxd4 4. Nxd4 g6 5. Nc3 Bg7 6. Be3 Nf6 7. Bc4 O-O 8.
Bb3 a6 9. O-O Qc7 10. h3 b5 11. f4 b4 12. Nd5 Nxd5 13. Bxd5 Bb7 14. Rc1 e6 15.
Bxc6 dxc6 16. c3 e5 17. Nb3 exf4 18. Bxf4 Qb6+ 19. Kh1 a5 20. cxb4 axb4 21. Nc5
Rad8 22. Qb3 Bc8 23. a4 Bd4 24. Be3 Bxe3 25. Qxe3 Qb8 26. Qg5 Rde8 27. Rf6 Qc7
28. Qf4 Qxf4 29. Rxf4 Re5 30. Rf6 Be6 31. Nxe6 fxe6 32. Rxf8+ Kxf8 33. Rxc6
Rxe4 34. a5 Re1+ 35. Kh2 Ra1 36. Rxe6 Rxa5 37. b3 Ra3 38. Re3 Ra5 39. Re4 Rb5
40. Kg3 Kf7 41. Kf4 Kf6 42. g4 h5 43. Rc4 hxg4 44. hxg4 Ke6 45. Rc6+ Kf7 46.
Ke3 Kg7 47. Kf4 1/2-1/2

[Event "Continental Class"]
[Site "Arlington USA"]
[Date "2013.10.12"]
[Round "5.6"]
[White "Sarkar, Justin"]
[Black "Panjwani, Raja"]
[Result "0-1"]
[WhiteElo "2455"]
[BlackElo "2422"]
[PlyCount "60"]
[EventDate "2013.10.09"]
[EventType "swiss"]
[EventRounds "9"]
[EventCountry "USA"]
[Source "Mark Crowther"]
[SourceDate "2013.10.14"]

1. d4 Nf6 2. c4 e6 3. Nc3 Bb4 4. Qc2 Nc6 5. Nf3 d5 6. Bg5 h6 7. Bxf6 Qxf6 8. e3
O-O 9. a3 Bxc3+ 10. Qxc3 a5 11. cxd5 exd5 12. Bb5 Bg4 13. Nd2 Bd7 14. Nb3 Qg6
15. g3 Bg4 16. Bxc6 bxc6 17. f4 Rfe8 18. Nc5 Re7 19. Kf2 Qh5 20. Rae1 Bf3 21.
Rhf1 Rae8 22. Qxa5 g5 23. Qc3 f5 24. fxg5 hxg5 25. Kg1 g4 26. Qd2 f4 27. Qf2
fxe3 28. Qc2 Qh3 29. Rxe3 Kh8 30. Rxe7 Rxe7 0-1

[Event "Continental Class"]
[Site "Arlington USA"]
[Date "2013.10.12"]
[Round "6.4"]
[White "Panjwani, Raja"]
[Black "Cheng, Bindi"]
[Result "1/2-1/2"]
[WhiteElo "2422"]
[BlackElo "2442"]
[PlyCount "49"]
[EventDate "2013.10.09"]
[EventType "swiss"]
[EventRounds "9"]
[EventCountry "USA"]
[Source "Mark Crowther"]
[SourceDate "2013.10.14"]

1. c4 Nf6 2. Nf3 g6 3. b4 Bg7 4. Bb2 O-O 5. g3 c6 6. Bg2 d5 7. Na3 a5 8. b5
dxc4 9. bxc6 Nxc6 10. Nxc4 Be6 11. d3 b5 12. Nce5 Nxe5 13. Nxe5 Bd5 14. e4 Bb7
15. O-O Nd7 16. Nxd7 Qxd7 17. Bxg7 Kxg7 18. d4 Rfc8 19. d5 Rc4 20. Qd2 Qc7 21.
Qb2+ f6 22. e5 Qxe5 23. Qxb5 Rb4 24. Qc5 Qd6 25. Rac1 1/2-1/2

[Event "Continental Class"]
[Site "Arlington USA"]
[Date "2013.10.13"]
[Round "7.2"]
[White "Smith, Bryan"]
[Black "Panjwani, Raja"]
[Result "1/2-1/2"]
[WhiteElo "2448"]
[BlackElo "2422"]
[PlyCount "75"]
[EventDate "2013.10.09"]
[EventType "swiss"]
[EventRounds "9"]
[EventCountry "USA"]
[Source "Mark Crowther"]
[SourceDate "2013.10.21"]

1. e4 c5 2. Nf3 Nc6 3. Bb5 g6 4. Bxc6 bxc6 5. O-O Bg7 6. Re1 Nh6 7. c3 O-O 8.
d4 cxd4 9. cxd4 d6 10. h3 f6 11. Nbd2 Nf7 12. Qc2 Bd7 13. b3 Rc8 14. Bb2 Qa5
15. Bc3 Qh5 16. e5 fxe5 17. dxe5 Qf5 18. Qxf5 Bxf5 19. Rac1 dxe5 20. Nxe5 Nxe5
21. Bxe5 Bh6 22. f4 Be6 23. Nf3 Bd5 24. Nh2 Bxf4 25. Bxf4 Rxf4 26. Rxe7 Rf7 27.
Re5 Rf5 28. Rxf5 gxf5 29. Kf2 a5 30. Rc5 a4 31. Nf3 axb3 32. axb3 Ra8 33. Nd4
Ra2+ 34. Ke3 Rxg2 35. Nxc6 Bxc6 36. Rxc6 Rg3+ 37. Kf4 Rxb3 38. Kxf5 1/2-1/2

[Event "Continental Class"]
[Site "Arlington USA"]
[Date "2013.10.13"]
[Round "8.4"]
[White "Panjwani, Raja"]
[Black "Rakhmanov, Alexander"]
[Result "0-1"]
[WhiteElo "2422"]
[BlackElo "2603"]
[PlyCount "64"]
[EventDate "2013.10.09"]
[EventType "swiss"]
[EventRounds "9"]
[EventCountry "USA"]
[Source "Mark Crowther"]
[SourceDate "2013.10.21"]

1. c4 g6 2. Nf3 Bg7 3. e4 d6 4. d4 Bg4 5. Be2 Nc6 6. Be3 e5 7. d5 Bxf3 8. gxf3
Nd4 9. Nc3 Nf6 10. Nb5 Nxe2 11. Qxe2 a6 12. Nc3 Nh5 13. O-O-O Nf4 14. Qf1 Qh4
15. h3 Qh5 16. Bxf4 exf4 17. Qd3 Qh4 18. Rh2 O-O 19. Ne2 Be5 20. Nd4 Rfc8 21.
Kd2 c5 22. dxc6 bxc6 23. Ke2 c5 24. Nc2 Bxb2 25. Qxd6 Rd8 26. Qxc5 Rxd1 27.
Kxd1 Rd8+ 28. Ke2 Bc3 29. Nb4 Rd2+ 30. Kf1 Bd4 31. Qc8+ Kg7 32. Ke1 Bc3 0-1

[Event "US Masters 2013"]
[Site "Greensboro USA"]
[Date "2013.08.31"]
[Round "5.2"]
[White "Meier, Geo"]
[Black "Panjwani, Raja"]
[Result "1/2-1/2"]
[WhiteElo "2610"]
[BlackElo "2413"]
[PlyCount "146"]
[EventDate "2013.08.29"]
[EventType "swiss"]
[EventRounds "9"]
[EventCountry "USA"]
[Source "Mark Crowther"]
[SourceDate "2013.09.09"]

1. Nf3 Nf6 2. g3 e6 3. Bg2 c5 4. c4 a6 5. Nc3 Be7 6. O-O d6 7. b3 Qc7 8. Bb2
O-O 9. e3 Nbd7 10. d4 Rb8 11. a4 b6 12. Nh4 Re8 13. d5 exd5 14. Bxd5 Ne5 15.
Bg2 Ng6 16. Nf3 Bb7 17. Ne1 Bxg2 18. Nxg2 Qb7 19. f3 Ne5 20. Nf4 Bf8 21. e4 Nc6
22. Qd3 Nd7 23. Nfe2 Nf6 24. Rab1 Na7 25. Nd1 Nd7 26. Ne3 b5 27. Bc3 Nc6 28.
axb5 axb5 29. Kg2 Ra8 30. Ra1 Rxa1 31. Rxa1 bxc4 32. bxc4 Rb8 33. Qd5 Ra8 34.
Qd1 Rxa1 35. Qxa1 Qa7 36. Qxa7 Nxa7 37. Ba5 f6 38. Bc7 g6 39. Nc3 Kf7 40. Nb5
Nc8 41. f4 Be7 42. Kf3 Nf8 43. Nd5 f5 44. g4 fxg4+ 45. Kxg4 Ne6 46. Ba5 Bd8 47.
Bc3 Nf8 48. f5 gxf5+ 49. exf5 Nd7 50. Kh5 Bf6 51. Kh6 Bxc3 52. Nbxc3 Nf6 53. h4
Ne7 54. Nxe7 Kxe7 55. Kg5 Kf7 56. Kf4 h6 57. Ne4 Ne8 58. Nf2 Nc7 59. Ng4 d5 60.
cxd5 Nxd5+ 61. Ke5 Nc7 62. Nxh6+ Kg7 63. Ng4 c4 64. f6+ Kf7 65. Kf5 c3 66. Ne5+
Kf8 67. h5 c2 68. Nd3 Ne8 69. h6 Nd6+ 70. Kg6 Nf7 71. h7 Nh8+ 72. Kf5 Nf7 73.
Nc1 Nh8 1/2-1/2

[Event "US Masters 2013"]
[Site "Greensboro USA"]
[Date "2013.09.01"]
[Round "6.2"]
[White "Panjwani, Raja"]
[Black "Zapata, Alonso"]
[Result "0-1"]
[WhiteElo "2413"]
[BlackElo "2496"]
[PlyCount "80"]
[EventDate "2013.08.29"]
[EventType "swiss"]
[EventRounds "9"]
[EventCountry "USA"]
[Source "Mark Crowther"]
[SourceDate "2013.09.09"]

1. d4 Nf6 2. c4 d6 3. Nc3 Nbd7 4. e4 e5 5. Nf3 g6 6. Be2 Bg7 7. Be3 Ng4 8. Bg5
f6 9. Bc1 O-O 10. h3 Nh6 11. h4 a5 12. h5 g5 13. dxe5 dxe5 14. Be3 c6 15. c5
Ng4 16. Bc4+ Kh8 17. Nh4 Nh6 18. Nf5 a4 19. Qd6 Re8 20. O-O-O Qa5 21. Bxg5 Nxf5
22. exf5 fxg5 23. Ne4 Qb4 24. b3 axb3 25. axb3 Ra2 26. Rd2 Rxd2 27. Qxd2 Qxd2+
28. Kxd2 b5 29. Nd6 bxc4 30. Nxe8 Nxc5 31. bxc4 Bxf5 32. Re1 Ne4+ 33. Ke3 Bf8
34. g4 Bc5+ 35. Kf3 Nd2+ 36. Ke2 Bxg4+ 37. f3 Bxh5 38. Ra1 Nxf3 39. Ra8 Nd4+
40. Kf1 Bf7 0-1

[Event "Metropolitan GM (28th)"]
[Site "Los Angeles USA"]
[Date "2013.08.13"]
[Round "1"]
[White "Amanov, Zhanibek"]
[Black "Panjwani, Raja"]
[Result "1-0"]
[WhiteElo "2361"]
[BlackElo "2413"]
[PlyCount "135"]
[EventDate "2013.08.13"]
[EventType "tourn"]
[EventRounds "9"]
[EventCountry "USA"]
[EventCategory "8"]
[Source "Mark Crowther"]
[SourceDate "2013.09.03"]

1. e4 c5 2. Nf3 Nc6 3. d4 cxd4 4. Nxd4 Qc7 5. Nc3 e6 6. g3 a6 7. Bg2 Nge7 8.
Nb3 Ne5 9. f4 Nc4 10. Qe2 b5 11. e5 Bb7 12. a4 Bxg2 13. Qxg2 Rc8 14. axb5 axb5
15. Nd4 b4 16. Ncb5 Qc5 17. b3 Nc6 18. Nxc6 dxc6 19. Na7 Ne3 20. Bxe3 Qxe3+ 21.
Kf1 Qc3 22. Ra6 Qe3 23. Qe2 Qxe2+ 24. Kxe2 Ra8 25. Rha1 Bc5 26. Nxc6 Rxa6 27.
Rxa6 Kd7 28. Na5 h5 29. h3 Rg8 30. h4 Rc8 31. Nc4 Ke7 32. Kf3 g6 33. Ra5 Kd7
34. Ra6 Kc7 35. Nd2 Kb7 36. Ra2 Kb6 37. Ne4 Be7 38. Ke2 Rc7 39. Kd3 Rd7+ 40.
Kc4 Rc7+ 41. Kd4 Rd7+ 42. Ke3 Rc7 43. Ke2 Rc8 44. Nf2 Rc3 45. Nd3 Kb7 46. Kd2
Bf8 47. Ra1 Be7 48. Re1 Bc5 49. Nxc5+ Rxc5 50. Re4 Rb5 51. Rc4 Kb6 52. Ke3 Kb7
53. Kf3 Kb8 54. g4 Kb7 55. gxh5 gxh5 56. Ke4 Kb8 57. f5 f6 58. fxe6 Rxe5+ 59.
Kf4 Rxe6 60. Rxb4+ Kc7 61. Kf5 Ra6 62. Kg6 Kd6 63. Rf4 Ke5 64. Rf5+ Kd4 65.
Rxf6 Ra1 66. Kxh5 Kc3 67. Rc6+ Kb4 68. Kh6 1-0

[Event "Metropolitan GM (28th)"]
[Site "Los Angeles USA"]
[Date "2013.08.14"]
[Round "2"]
[White "Panjwani, Raja"]
[Black "Matikozian, Andranik"]
[Result "1-0"]
[WhiteElo "2413"]
[BlackElo "2475"]
[PlyCount "81"]
[EventDate "2013.08.13"]
[EventType "tourn"]
[EventRounds "9"]
[EventCountry "USA"]
[EventCategory "8"]
[Source "Mark Crowther"]
[SourceDate "2013.09.03"]

1. d4 Nf6 2. Nf3 g6 3. c4 Bg7 4. Nc3 d6 5. e4 O-O 6. Be2 e5 7. O-O Na6 8. Re1
c6 9. Bf1 exd4 10. Nxd4 Ng4 11. h3 Qb6 12. hxg4 Qxd4 13. Qf3 Qe5 14. Bf4 Qe7
15. Rad1 Be5 16. g3 Nc5 17. Be2 a5 18. Qg2 a4 19. a3 Re8 20. Be3 Nb3 21. f4
Bxc3 22. bxc3 Qxe4 23. Qxe4 Rxe4 24. Kf2 Be6 25. Bd3 Rxe3 26. Rxe3 Bxg4 27. Be2
Bxe2 28. Rxe2 Rd8 29. Re7 Nc5 30. g4 Kf8 31. Rc7 Re8 32. Kf3 Re4 33. Rxd6 Rxc4
34. Rf6 Rxc3+ 35. Kg2 Rxa3 36. Rfxf7+ Kg8 37. Rg7+ Kf8 38. Rxh7 Kg8 39. Rhe7
Kf8 40. f5 gxf5 41. gxf5 1-0

[Event "Metropolitan GM (28th)"]
[Site "Los Angeles USA"]
[Date "2013.08.14"]
[Round "3"]
[White "Yang, Darwin"]
[Black "Panjwani, Raja"]
[Result "1-0"]
[WhiteElo "2480"]
[BlackElo "2413"]
[PlyCount "65"]
[EventDate "2013.08.13"]
[EventType "tourn"]
[EventRounds "9"]
[EventCountry "USA"]
[EventCategory "8"]
[Source "Mark Crowther"]
[SourceDate "2013.09.03"]

1. d4 Nf6 2. c4 e6 3. Nc3 Bb4 4. e3 O-O 5. Nge2 Re8 6. a3 Bf8 7. Ng3 d5 8. Be2
c6 9. O-O a6 10. e4 dxc4 11. e5 Nfd7 12. f4 Nb6 13. Nce4 Qc7 14. Nh5 N8d7 15.
Qe1 Be7 16. f5 exf5 17. Nxg7 Kxg7 18. Rxf5 Nf8 19. Qg3+ Ng6 20. Rxf7+ Kg8 21.
Bh5 Bg4 22. Bxg4 Qd8 23. Be6 Bh4 24. Rd7+ Rxe6 25. Rxd8+ Rxd8 26. Qg4 Ree8 27.
Bg5 Bxg5 28. Qxg5 Rf8 29. Nf6+ Kh8 30. Rf1 Rxd4 31. Qh6 Rh4 32. Nh5 Rg8 33. Rf7
1-0

[Event "Metropolitan GM (28th)"]
[Site "Los Angeles USA"]
[Date "2013.08.16"]
[Round "5"]
[White "Banawa, Joe"]
[Black "Panjwani, Raja"]
[Result "1-0"]
[WhiteElo "2348"]
[BlackElo "2413"]
[PlyCount "81"]
[EventDate "2013.08.13"]
[EventType "tourn"]
[EventRounds "9"]
[EventCountry "USA"]
[EventCategory "8"]
[Source "Mark Crowther"]
[SourceDate "2013.09.03"]

1. d4 Nf6 2. c4 e6 3. Nc3 Bb4 4. Qc2 O-O 5. a3 Bxc3+ 6. Qxc3 Qe8 7. Nf3 d6 8.
g3 a5 9. b3 b6 10. Bg2 Bb7 11. O-O Nbd7 12. Bb2 Ra7 13. Rfd1 Ne4 14. Qc2 f5 15.
d5 e5 16. Nh4 Ndc5 17. f3 Ng5 18. Nxf5 Nxb3 19. Qxb3 Rxf5 20. f4 Nf7 21. e4 Rf6
22. Rf1 Ra8 23. Rf2 Qe7 24. c5 dxc5 25. Raf1 c4 26. Qc3 Qc5 27. fxe5 Rxf2 28.
Rxf2 Rf8 29. Qd4 Qxd4 30. Bxd4 Re8 31. e6 Nd6 32. e5 Nb5 33. Ba1 Bc8 34. a4 Na3
35. Ra2 b5 36. axb5 Nxb5 37. Rxa5 c6 38. d6 Bxe6 39. Bxc6 Rf8 40. Rxb5 c3 41.
Bxc3 1-0